000 00690nam a2200193 a 4500
001 000005013
005 20250310135155.0
008 090729s2005 dr a 001 0 spa d
040 _aDO-SdBNP
_bspa
_cBNPHU
082 _a362.11
_bM689d
245 0 3 _aEl modelo dominicano de prestación de servicios de salud :
_buna apuesta de futuro /
_cAntonio Sánchez... [et al.].
260 _aSanto Domingo :
_bBúho,
_c2005.
300 _a159 p. :
_bil. ;
_c26 cm.
500 _aIncluye índice
650 4 _aServicio nacional de salud (república dominicana)
_914446
650 0 _aAtención médica
_914447
650 4 _aSalud pública
_zRepública Dominicana
_92078
650 0 _aSeguridad social
_914448
999 _c4819
_d4819